000 00538nmm a2200193 a 4500
003 AR-X00000XY
005 20251128212006.0
008 077020s1952 ||||||||||||||000 | spa||
040 _cAR-X00000XY
100 1 _aFreud, Sigmund
245 1 0 _aObras Completas
_nI
260 _aBuenos Aires
_bSantiago Rueda, Editor
_c1952
300 0 _a276 p.
500 0 _aCon firma de Alejandra Pizarnik
700 1 _aBallesteros y de Torres, Luis
_eprologuista
700 1 _aOrtega y Gasset, José
_eprologuista
942 _cBK
998 _cmartin
999 _c21955
_d21955